Exprewsión gráfica en la ingeniería: introducción al dibujo industrial
| Main Authors: | , |
|---|---|
| Format: | Section = Libro |
| Language: | Undetermined Spanish |
| Published: |
Madrid
Pearson Educación
1998
|
| Subjects: |
| LEADER | 00674nam a2200241Ia 4500 | ||
|---|---|---|---|
| 008 | 240829s9999 xx 000 0 und d | ||
| 020 | |a 84-8322-139-X | ||
| 040 | |a BIBLIOTECA-RUSB/ 604 P438 | ||
| 041 | |a spa | ||
| 082 | |a 604 P438 | ||
| 100 | 1 | |a Pérez Díaz, J. L. | |
| 100 | 1 | |b Palacios Cuenca, S | |
| 245 | 1 | 0 | |a Exprewsión gráfica en la ingeniería: introducción al dibujo industrial |
| 260 | |a Madrid |b Pearson Educación |c 1998 | ||
| 300 | |a 192 p. :il. | ||
| 650 | 7 | |a DIBUJO INDUSTRIAL | |
| 650 | 7 | |b DIBUJO TECNICO | |
| 650 | 7 | |c INGENIERIA-DIBUJOS | |
| 650 | 7 | |d PROYECCION | |
| 650 | 7 | |e DIBUJO GEOMETRICO | |
| 942 | |c BK |2 ddc | ||
| 991 | |a TEXTO | ||
| 999 | |c 2608 | ||